Riconosci il Pokémon - Quiz n°772 - Statistics

Statistiche generali
  • Questo quiz è stato fatto 3 volte
  • Il punteggio medio è 10 su 10
Statistiche sulle risposte
Indizio Riposta % Corretto
Altezza 1,9 m
100%
Sesso 50% ♂, 50% ♀
100%
Tasso di cattura 75 (17.5%)
100%
Peso 92,5 kg
100%
Abilità Clorofilla; Mangiaerba; Leggiadro
100%
Tasso di allevamento Medio-Veloce
100%
Tipo Normale / Erba
100%
Stadio evoluzione Prima evoluzione
100%
Generazione Quinta
100%
Pokémon Sawsbuck
100%
Nessun quiz corrispondente trovato
Distribuzione punteggi
Percentuale di utenti per punteggio
Percentile per numero di risposta
I tuoi punteggi nel tempo
Non hai fatto questo quiz